Verbes irréguliers allemands - Traduire - Statistiques

Statistiques générales
  • Ce quiz a été pris 507 fois
    471 depuis la dernière actualisation
  • Le résultat moyen est 52 sur 127
Statistiques - réponses
Participe passé Traduction % Correct
1 Anfangen Commencer
88%
10 Beginnen Commencer
87%
28 Essen Manger
87%
40 Gehen Aller
86%
29 Fahren Aller (en véhicule)
86%
55 Kommen Venir
83%
92 Sehen Voir
83%
61 Lesen Lire
82%
89 Schwimmen Nager
82%
32 Finden Trouver
82%
66 Nehmen Prendre
81%
33 Fliegen Voler
81%
99 Stehlen Voler
81%
7 Aussehen Avoir l'air
80%
109 Trinken Boire
80%
72 Saufen Picoler
80%
30 Fallen Tomber
80%
96 Sprechen Parler
79%
20 Bleiben Rester
79%
38 Geben Donner
78%
93 Singen Chanter
77%
80 Schlafen Dormir
77%
85 Schreiben Ecrire
76%
53 Heißen S'appeler
76%
54 Helfen Aider
73%
45 Gewinnen Gagner
71%
113 Vergessen Oublier
70%
110 Tun Faire
69%
119 Waschen Laver
69%
71 Rufen Appeler
68%
58 Laufen Courir
66%
106 Treffen Rencontrer
65%
115 Verstehen Comprendre
63%
105 Tragen Porter
63%
95 Sitzen Être assis
62%
57 Lassen Laisser
62%
101 Sterben Mourir
62%
98 Stehen Se tenir
59%
5 Aufstehen Se lever
54%
63 Lügen Mentir
53%
8 Backen Faire cuire
52%
86 Schreien Crier
51%
21 Braten Cuire
50%
97 Springen Sauter
50%
114 Verlieren Perdre
49%
18 Bitten Demander
48%
50 Halten Tenir
48%
84 Schneiden Couper
46%
82 Schließen Fermer
46%
100 Steigen Monter
46%
24 Einsteigen Monter dans un véhicule
46%
12 Bekommen Recevoir
46%
11 Beißen Mordre
45%
35 Fließen Couler
44%
94 Sinken Couler
44%
23 Einladen Inviter
44%
22 Brechen Casser
42%
69 Reiten Faire du cheval
42%
31 Fangen Attraper
41%
117 Wachsen Grandir
40%
102 Stinken Puer
40%
2 Anhalten S'arrêter
39%
126 Ziehen Tirer / Partir loin
39%
4 Auffallen Sauter aux yeux
38%
81 Schlagen Frapper
37%
39 Gefallen Plaire
37%
79 Schießen Tirer (avec une arme)
37%
76 Scheinen Briller
36%
70 Riechen Sentir
36%
83 Schmeißen Jeter
34%
123 Werfen Jeter
34%
51 Hängen Être accroché
28%
16 Bieten Offrir
28%
46 Gleichen Ressembler
28%
27 Empfinden Ressentir
28%
41 Gelingen Réussir
28%
116 Vorschlagen Proposer
27%
62 Liegen Être couché
25%
6 Ausleihen Prêter
25%
60 Leihen Prêter
25%
104 Streiten Se disputer
25%
91 Schwören Jurer
24%
87 Schreiten Marcher
24%
65 Messen Mesurer
24%
26 Empfehlen Recommander
23%
34 Fliehen S'enfuir
22%
19 Blasen Souffler
22%
56 Laden Charger
21%
37 Frieren Geler
21%
59 Leiden Souffrir
21%
111 Umsteigen Changer (de véhicule)
20%
77 Scheißen Faire ses besoins
20%
52 Heben Lever
20%
74 Schaffen Créer
18%
48 Graben Creuser
18%
3 Anziehen Habiller
18%
42 Gelten Valoir
18%
36 Fressen Dévorer
17%
78 Schieben Pousser
17%
49 Greifen Saisir
17%
43 Genießen Savourer
17%
14 Betrügen Tromper
17%
67 Raten Deviner
16%
9 Befehlen Ordonner
16%
88 Schweigen Se taire
15%
17 Binden Attacher
13%
64 Meiden Eviter
13%
47 Gleiten Glisser
13%
112 Vergehen Passer
13%
118 Wägen Peser
12%
124 Wiegen Peser
12%
25 Empfangen Accueillir
11%
73 Saugen Aspirer
11%
127 Zwingen Obliger
11%
44 Geschehen Se produire
11%
15 Biegen Courber
10%
68 Reißen Déchirer
10%
75 Scheiden Séparer
10%
108 Treten Entrer
8%
107 Treiben Pratiquer
8%
13 Bergen Sauver
7%
121 Weisen Indiquer
5%
120 Weichen Céder
3%
125 Winden Enrouler
3%
103 Stoßen Heurter
3%
122 Werben Annoncer
2%
90 Schwinden Diminuer
2%
Aucun quiz correspondant
Distribution des résultats
% des personnes avec chaque résultat
Percentile par nombre de réponses
Votre historique - résultats
Vous n’avez pas pris ce quiz depuis la dernière actualisation